[Event "FRA T I 120102011"]
[Site "FRA"]
[Date "2010.11.13"]
[Round "2.6"]
[White "Lohou, Stephane"]
[Black "Barbini, Denis"]
[Result "1-0"]
[WhiteElo "2165"]
[BlackElo "2119"]
[PlyCount "69"]
[EventDate "2010.10.17"]
[EventType "team-match"]
[EventRounds "9"]
[EventCountry "FRA"]
[Source "FFE"]
[SourceDate "2010.10.29"]
[BlackTeamCountry "FRA"]

1. e4 d6 2. d4 Nf6 3. Nc3 g6 4. Bg5 Bg7 5. Qd2 c6 6. f3 b5 7. Bh6 O-O 8. h4 e5
9. Bxg7 Kxg7 10. Rd1 Qe7 11. Nge2 b4 12. Na4 d5 13. dxe5 Qxe5 14. exd5 Re8 15.
Qd4 Qxd4 16. Rxd4 Nxd5 17. Nc5 Na6 18. Ne4 Ne3 19. Rd2 Nc4 20. Nd6 Nxd2 21.
Nxe8+ Kf8 22. Kxd2 Kxe8 23. Nd4 Kd7 24. Bc4 f6 25. Bg8 c5 26. Nb3 h6 27. Bf7 g5
28. Bc4 g4 29. Bxa6 Bxa6 30. Nxc5+ Kc6 31. Nxa6 Rd8+ 32. Ke3 gxf3 33. Nxb4+ Kb5
34. Nd3 fxg2 35. Rg1 1-0

[Event "FRA T I 120102011"]
[Site "FRA"]
[Date "2010.11.14"]
[Round "3.5"]
[White "Netzer, Jean"]
[Black "Gravez, Bruno"]
[Result "1-0"]
[WhiteElo "2402"]
[BlackElo "1678"]
[PlyCount "69"]
[EventDate "2010.10.17"]
[EventType "team-match"]
[EventRounds "9"]
[EventCountry "FRA"]
[Source "FFE"]
[SourceDate "2010.10.29"]
[BlackTeamCountry "FRA"]

1. e4 e6 2. d4 d5 3. Nd2 c5 4. Ngf3 Nc6 5. exd5 Qxd5 6. Bc4 Qd8 7. Nb3 cxd4 8.
Nbxd4 Nxd4 9. Nxd4 Bc5 10. Be3 Nf6 11. Nc6 Qxd1+ 12. Rxd1 Bd7 13. Bxc5 Bxc6 14.
Rg1 Ne4 15. Ba3 h5 16. f3 Nf6 17. Kf2 Nd7 18. Rd2 O-O-O 19. Be7 Rde8 20. Bd6 g5
21. Be2 h4 22. b4 a6 23. c4 b5 24. Rc1 bxc4 25. Bxc4 Kb7 26. Bxa6+ Kxa6 27.
Rxc6+ Kb5 28. Rc7 Nb6 29. Rdc2 Ra8 30. Rb7 Ka6 31. Rxf7 Rhd8 32. Rc5 Nd7 33.
Ra5+ Kb7 34. Rxa8 Kxa8 35. Bc7 1-0

[Event "FRA T I 120102011"]
[Site "FRA"]
[Date "2010.11.13"]
[Round "2.8"]
[White "Stojanovic, Vojislav"]
[Black "Turquetille, Annabelle"]
[Result "1-0"]
[WhiteElo "1763"]
[BlackElo "1763"]
[PlyCount "69"]
[EventDate "2010.10.17"]
[EventType "team-match"]
[EventRounds "9"]
[EventCountry "FRA"]
[Source "FFE"]
[SourceDate "2010.10.29"]
[BlackTeamCountry "FRA"]

1. e4 g6 2. Nf3 Bg7 3. d4 d6 4. h3 Nf6 5. Bd3 O-O 6. O-O e6 7. Be3 Nbd7 8. c3
b6 9. Nbd2 Bb7 10. Qc2 c5 11. Bg5 Qc7 12. Rac1 cxd4 13. cxd4 Qxc2 14. Bxc2 b5
15. Bd3 a6 16. Rc7 Bc8 17. Rfc1 Re8 18. Bf4 e5 19. dxe5 dxe5 20. Nxe5 Nxe5 21.
Bxe5 Be6 22. Bb1 Rac8 23. Rxc8 Rxc8 24. Rxc8+ Bxc8 25. Bc3 Bb7 26. f3 Nh5 27.
Bxg7 Kxg7 28. Nb3 Nf4 29. Nc5 Bc8 30. Kf2 Kf6 31. h4 Ke7 32. g3 Nh5 33. Bd3 Kd6
34. Nb3 Bd7 35. Nd4 1-0

[Event "FRA T I 120102011"]
[Site "FRA"]
[Date "2010.11.14"]
[Round "3.2"]
[White "Andrieux, Pascal"]
[Black "Spirin, Oleg"]
[Result "1/2-1/2"]
[WhiteElo "2258"]
[BlackElo "2464"]
[PlyCount "67"]
[EventDate "2010.10.17"]
[EventType "team-match"]
[EventRounds "9"]
[EventCountry "FRA"]
[Source "FFE"]
[SourceDate "2010.10.29"]
[BlackTeamCountry "FRA"]

1. e4 c5 2. Nc3 Nc6 3. g3 g6 4. Bg2 Bg7 5. Nge2 d6 6. d3 e6 7. O-O Nge7 8. Be3
Nd4 9. Nc1 O-O 10. Qd2 Rb8 11. Nd1 Re8 12. c3 Ndc6 13. Ne2 b6 14. Bh6 d5 15.
Bxg7 Kxg7 16. exd5 Nxd5 17. Ne3 Bb7 18. Nxd5 exd5 19. d4 Ba6 20. Rfe1 Bxe2 21.
Rxe2 Rxe2 22. Qxe2 Qd6 23. dxc5 bxc5 24. Rd1 Ne7 25. Qd2 Rd8 26. b4 cxb4 27.
Qd4+ Qf6 28. Qxb4 Rc8 29. Rd3 Rc7 30. Rf3 Qe5 31. Re3 Qf6 32. Rf3 Qe5 33. Re3
Qf6 34. Rf3 1/2-1/2

[Event "FRA T I 120102011"]
[Site "FRA"]
[Date "2010.11.13"]
[Round "2.7"]
[White "Couche, Didier"]
[Black "Borne, Niels"]
[Result "0-1"]
[WhiteElo "2122"]
[BlackElo "2272"]
[PlyCount "68"]
[EventDate "2010.10.17"]
[EventType "team-match"]
[EventRounds "9"]
[EventCountry "FRA"]
[Source "FFE"]
[SourceDate "2010.10.29"]
[BlackTeamCountry "FRA"]

1. d4 Nf6 2. c4 e6 3. Nf3 b6 4. e3 Bb7 5. Bd3 d5 6. cxd5 exd5 7. O-O Bd6 8. b3
Qe7 9. Nc3 a6 10. Bb2 O-O 11. Ne2 Nbd7 12. Ng3 g6 13. Rc1 Ne4 14. Rc2 Rac8 15.
Qc1 f6 16. Nxe4 dxe4 17. Bc4+ Kg7 18. Nd2 b5 19. Be2 Nb6 20. Re1 Nd5 21. a3 Kg8
22. Bf1 f5 23. Nb1 f4 24. Nc3 fxe3 25. fxe3 Rf5 26. g3 Rcf8 27. Bh3 Rh5 28. Bg2
Nxc3 29. Rxc3 Rxh2 30. Rc2 Bxg3 31. Ree2 Rh5 32. Rc5 Qh4 33. Rxh5 gxh5 34. Bf1
Bf2+ 0-1

[Event "FRA T I 120102011"]
[Site "FRA"]
[Date "2010.11.14"]
[Round "3.2"]
[White "Coursaget, Nicolas"]
[Black "Perrin, Guillaume"]
[Result "0-1"]
[WhiteElo "2284"]
[BlackElo "2353"]
[PlyCount "68"]
[EventDate "2010.10.17"]
[EventType "team-match"]
[EventRounds "9"]
[EventCountry "FRA"]
[Source "FFE"]
[SourceDate "2010.10.29"]
[BlackTeamCountry "FRA"]

1. d4 Nf6 2. c4 g6 3. Nc3 Bg7 4. Nf3 O-O 5. g3 d6 6. Bg2 Nc6 7. d5 Na5 8. Qd3
c5 9. O-O a6 10. Rb1 b5 11. cxb5 c4 12. Qd1 axb5 13. Nxb5 Bf5 14. Ra1 Qb6 15.
Nfd4 Be4 16. Nc3 Bxg2 17. Kxg2 Qb7 18. Nc2 e6 19. e4 exd5 20. exd5 Rfe8 21. Qf3
Nd7 22. Ne3 Ne5 23. Qd1 Nd3 24. Qc2 f5 25. Rb1 Qb4 26. a3 Qc5 27. Ne2 Nb3 28.
Bd2 Nxd2 29. Qxd2 Nxb2 30. Rfc1 Reb8 31. Rc2 Rb3 32. Nd1 Rd3 33. Qe1 Qxd5+ 34.
Kh3 Rxd1 0-1

[Event "FRA T I 120102011"]
[Site "FRA"]
[Date "2010.11.14"]
[Round "3.5"]
[White "Hisler, Thomas"]
[Black "Goasdoue, Vincent"]
[Result "1-0"]
[WhiteElo "2254"]
[BlackElo "2129"]
[PlyCount "67"]
[EventDate "2010.10.17"]
[EventType "team-match"]
[EventRounds "9"]
[EventCountry "FRA"]
[Source "FFE"]
[SourceDate "2010.10.29"]
[BlackTeamCountry "FRA"]

1. e4 g6 2. d4 Bg7 3. Nc3 d6 4. Be3 a6 5. Qd2 Nd7 6. Nf3 b5 7. Bd3 Bb7 8. a4 b4
9. Ne2 Ngf6 10. Ng3 c5 11. c3 bxc3 12. bxc3 Qa5 13. h3 O-O 14. O-O d5 15. e5
cxd4 16. cxd4 Qxd2 17. Nxd2 Ne8 18. Rfc1 Rc8 19. Rxc8 Bxc8 20. Rc1 Bb7 21. Nb3
f6 22. Na5 fxe5 23. Nxb7 exd4 24. Bg5 e5 25. Bxa6 h6 26. Bd2 Nef6 27. Bb5 Rb8
28. Na5 e4 29. Nc6 Rb7 30. Nxd4 Ne5 31. Nge2 Nd3 32. Rc8+ Kh7 33. Ne6 g5 34.
Bc3 1-0

[Event "FRA T I 120102011"]
[Site "FRA"]
[Date "2010.11.13"]
[Round "2.3"]
[White "Marie, Maxime"]
[Black "Rabeyrin, Jean Jacques"]
[Result "1/2-1/2"]
[WhiteElo "2233"]
[BlackElo "2230"]
[PlyCount "68"]
[EventDate "2010.10.17"]
[EventType "team-match"]
[EventRounds "9"]
[EventCountry "FRA"]
[Source "FFE"]
[SourceDate "2010.10.29"]
[BlackTeamCountry "FRA"]

1. c4 c6 2. e4 d5 3. exd5 cxd5 4. d4 Nf6 5. Nc3 g6 6. cxd5 Bg7 7. Bb5+ Nbd7 8.
d6 e6 9. Nf3 O-O 10. O-O Nb6 11. Bf4 a6 12. Bd3 Nbd5 13. Nxd5 Nxd5 14. Be5 f6
15. Bg3 Bd7 16. Re1 Re8 17. h4 Bc6 18. h5 f5 19. hxg6 hxg6 20. Ne5 Bxe5 21.
dxe5 Qg5 22. Qc1 f4 23. Re4 Rf8 24. Bc4 Qf5 25. Bxd5 fxg3 26. Bxc6 Qxf2+ 27.
Kh1 Kg7 28. Rh4 Rh8 29. Qg5 Rxh4+ 30. Qxh4 Rh8 31. Qxh8+ Kxh8 32. Rd1 Qe3 33.
d7 Qh6+ 34. Kg1 Qe3+ 1/2-1/2

[Event "FRA T I 120102011"]
[Site "FRA"]
[Date "2010.11.13"]
[Round "2.7"]
[White "Rodon, Gurvan"]
[Black "Vasilescu, Victor"]
[Result "0-1"]
[WhiteElo "2008"]
[BlackElo "2130"]
[PlyCount "68"]
[EventDate "2010.10.17"]
[EventType "team-match"]
[EventRounds "9"]
[EventCountry "FRA"]
[Source "FFE"]
[SourceDate "2010.10.29"]
[BlackTeamCountry "FRA"]

1. d4 g6 2. c4 Bg7 3. Nf3 d6 4. Nc3 Nf6 5. e4 O-O 6. h3 c5 7. d5 e6 8. Bd3 a6
9. a4 Qc7 10. O-O e5 11. Be3 Kh8 12. Nd2 Nbd7 13. Rb1 Ng8 14. Qc2 Bh6 15. Nd1
Bg7 16. f3 Ndf6 17. Nf2 a5 18. g4 Ne8 19. Nd1 Qd8 20. Kg2 f5 21. Nc3 Bh6 22.
Bf2 Qg5 23. Nb3 fxg4 24. hxg4 Rxf3 25. Bg3 Rxg3+ 26. Kxg3 Qxg4+ 27. Kf2 Qh4+
28. Kg2 Bh3+ 29. Kf3 Qf4+ 30. Ke2 Qe3+ 31. Kd1 Bxf1 32. Bxf1 Ng7 33. Nb5 Rf8
34. Nd2 Rf2 0-1

[Event "FRA T I 120102011"]
[Site "FRA"]
[Date "2010.11.14"]
[Round "3.4"]
[White "Therkildsen, Thomas"]
[Black "Bijaoui, Manuel"]
[Result "0-1"]
[WhiteElo "2289"]
[BlackElo "2399"]
[PlyCount "68"]
[EventDate "2010.10.17"]
[EventType "team-match"]
[EventRounds "9"]
[EventCountry "FRA"]
[Source "FFE"]
[SourceDate "2010.10.29"]
[BlackTeamCountry "FRA"]

1. e4 c5 2. c3 d5 3. exd5 Qxd5 4. d4 Nf6 5. Nf3 e6 6. Na3 Qd8 7. Bf4 Nc6 8.
dxc5 Nd5 9. Bd6 Bxd6 10. cxd6 Qxd6 11. Nb5 Qe7 12. c4 a6 13. cxd5 exd5+ 14. Be2
axb5 15. O-O b4 16. Qxd5 O-O 17. Rfe1 Qf6 18. Qe4 Ra5 19. Bc4 h6 20. Bd5 Bf5
21. Qc4 Qxb2 22. Nh4 Ne5 23. Qf4 Nd3 24. Qxf5 Rxd5 25. Reb1 Qxb1+ 26. Rxb1 Rxf5
27. Nxf5 Ra8 28. Nd6 Rxa2 29. Nxb7 b3 30. Nd6 Rc2 31. Nb5 b2 32. Rf1 Nc1 33.
Na3 Ne2+ 34. Kh1 Rc1 0-1

[Event "FRA T I 120102011"]
[Site "FRA"]
[Date "2010.11.14"]
[Round "3.8"]
[White "Turquetille, Annabelle"]
[Black "Cochet, Caroline"]
[Result "0-1"]
[WhiteElo "1763"]
[BlackElo "2028"]
[PlyCount "67"]
[EventDate "2010.10.17"]
[EventType "team-match"]
[EventRounds "9"]
[EventCountry "FRA"]
[Source "FFE"]
[SourceDate "2010.10.29"]
[BlackTeamCountry "FRA"]

1. e4 c5 2. Nf3 Nc6 3. d4 cxd4 4. Nxd4 g6 5. Nc3 Bg7 6. Be3 Nf6 7. Bc4 O-O 8.
Bb3 d6 9. f3 Na5 10. Qd2 Nxb3 11. Nxb3 Bd7 12. O-O-O b5 13. h4 h5 14. Rhg1 a5
15. Kb1 a4 16. Nc1 Qa5 17. Nd5 Nxd5 18. Qxa5 Rxa5 19. Rxd5 Be6 20. Bd2 Bxd5 21.
Bxa5 Be6 22. Bb4 Rc8 23. Nd3 f5 24. Nf4 Bf7 25. Rd1 fxe4 26. fxe4 Rc4 27. a3
Rxe4 28. Nd5 Bxd5 29. Rxd5 Re5 30. Rxe5 Bxe5 31. Bd2 Kf7 32. b3 d5 33. Ka2 Ke6
34. c3 0-1

[Event "FRA T I 120102011"]
[Site "FRA"]
[Date "2010.11.14"]
[Round "3.2"]
[White "Winants, Luc"]
[Black "Moreno Gracia, Daniel"]
[Result "1-0"]
[WhiteElo "2525"]
[BlackElo "2283"]
[PlyCount "67"]
[EventDate "2010.10.17"]
[EventType "team-match"]
[EventRounds "9"]
[EventCountry "FRA"]
[Source "FFE"]
[SourceDate "2010.10.29"]
[BlackTeamCountry "FRA"]

1. d4 Nf6 2. Nf3 d5 3. c4 c6 4. Nc3 e6 5. Qd3 Nbd7 6. g3 Bd6 7. Bg2 O-O 8. O-O
dxc4 9. Qxc4 e5 10. Bg5 h6 11. Bxf6 Qxf6 12. Ne4 Qe7 13. Nxd6 Qxd6 14. Rad1 Qf6
15. Qc3 exd4 16. Nxd4 Nb6 17. e4 Bg4 18. f3 Bd7 19. b4 Rfd8 20. f4 Na4 21. Qe3
Bg4 22. Rd2 Nb6 23. Rc1 Qe7 24. Qc3 Bd7 25. Qc5 Qe8 26. h3 Na4 27. Qc2 Nb6 28.
Rcd1 a5 29. bxa5 Rxa5 30. Nf5 Raa8 31. Nxg7 Qe7 32. Nh5 Be6 33. Qb2 Qc5+ 34.
Kh2 1-0

[Event "FRA T I 120102011"]
[Site "FRA"]
[Date "2010.11.13"]
[Round "2.3"]
[White "Bauduin, Etienne"]
[Black "Chabanon, Jean Luc"]
[Result "0-1"]
[WhiteElo "2249"]
[BlackElo "2459"]
[PlyCount "66"]
[EventDate "2010.10.17"]
[EventType "team-match"]
[EventRounds "9"]
[EventCountry "FRA"]
[Source "FFE"]
[SourceDate "2010.10.29"]
[BlackTeamCountry "FRA"]

1. c4 g6 2. g3 Bg7 3. Bg2 d6 4. Nc3 Nf6 5. e4 O-O 6. Nge2 c5 7. O-O Nc6 8. d3
Rb8 9. h3 a6 10. a4 Bd7 11. Be3 Ne8 12. d4 b6 13. b3 Nc7 14. Qd2 Qc8 15. Kh2
cxd4 16. Nxd4 Nxd4 17. Bxd4 Bxd4 18. Qxd4 Ne6 19. Qd2 Nc5 20. Nd5 Qd8 21. Qc3
Bc6 22. Rfe1 e5 23. f4 Bxd5 24. cxd5 Rc8 25. Qf3 a5 26. Bf1 Qf6 27. Bb5 exf4
28. gxf4 Nxb3 29. Qxb3 Rc3 30. Qxc3 Qxc3 31. Kg2 h5 32. h4 Rc8 33. Be2 Qc2 0-1

[Event "FRA T I 120102011"]
[Site "FRA"]
[Date "2010.11.14"]
[Round "3.8"]
[White "Blanche, Paul"]
[Black "Roumegous, Marina"]
[Result "1-0"]
[WhiteElo "2096"]
[BlackElo "2174"]
[PlyCount "65"]
[EventDate "2010.10.17"]
[EventType "team-match"]
[EventRounds "9"]
[EventCountry "FRA"]
[Source "FFE"]
[SourceDate "2010.10.29"]
[BlackTeamCountry "FRA"]

1. d4 e6 2. c4 f5 3. g3 Nf6 4. Bg2 Bb4+ 5. Nd2 a5 6. Ngf3 O-O 7. O-O Nc6 8. Nb1
Qe8 9. c5 a4 10. a3 Ba5 11. Qxa4 Ra6 12. Qc2 b6 13. Bd2 bxc5 14. dxc5 Qh5 15.
Nc3 Bxc3 16. Bxc3 Bb7 17. b4 Ne7 18. a4 Ng4 19. h3 Nf6 20. b5 Raa8 21. a5 Be4
22. Qb2 f4 23. Be5 Ned5 24. b6 Rfb8 25. Qd4 Bf5 26. g4 Bxg4 27. hxg4 Nxg4 28.
Bxf4 Nxf4 29. Qxf4 cxb6 30. cxb6 Rf8 31. Qg5 Qxg5 32. Nxg5 h6 33. Bxa8 1-0

[Event "FRA T I 120102011"]
[Site "FRA"]
[Date "2010.11.14"]
[Round "3.1"]
[White "Bergez, Luc"]
[Black "Marie, Maxime"]
[Result "1-0"]
[WhiteElo "2411"]
[BlackElo "2233"]
[PlyCount "63"]
[EventDate "2010.10.17"]
[EventType "team-match"]
[EventRounds "9"]
[EventCountry "FRA"]
[Source "FFE"]
[SourceDate "2010.10.29"]
[BlackTeamCountry "FRA"]

1. e4 c5 2. Nf3 Nc6 3. c3 Nf6 4. e5 Nd5 5. d4 cxd4 6. cxd4 e6 7. a3 d6 8. Bd3
dxe5 9. dxe5 Be7 10. O-O O-O 11. Qe2 Qb6 12. Qe4 f5 13. exf6 Nxf6 14. Qe2 Nd4
15. Nxd4 Qxd4 16. Nc3 Qh4 17. h3 Kh8 18. Bc4 Bd6 19. Be3 Nh5 20. Rad1 Nf4 21.
Qg4 Qe7 22. Ne4 e5 23. Qg5 h6 24. Qg3 Be6 25. Bxf4 Bxc4 26. Bxh6 Bc7 27. Bg5
Qf7 28. Rfe1 Rae8 29. Qh4+ Kg8 30. Re3 Bb3 31. Rg3 Qc4 32. Rc1 1-0

[Event "FRA T I 120102011"]
[Site "FRA"]
[Date "2010.11.13"]
[Round "2.3"]
[White "Dal Borgo, Albin"]
[Black "Chernov, Vadim"]
[Result "0-1"]
[WhiteElo "2198"]
[BlackElo "2436"]
[PlyCount "64"]
[EventDate "2010.10.17"]
[EventType "team-match"]
[EventRounds "9"]
[EventCountry "FRA"]
[Source "FFE"]
[SourceDate "2010.10.29"]
[BlackTeamCountry "FRA"]

1. d4 Nf6 2. Bg5 Ne4 3. Bf4 c5 4. f3 Qa5+ 5. c3 Nf6 6. Nd2 cxd4 7. Nb3 Qb6 8.
Qxd4 Nc6 9. Qxb6 axb6 10. Bg5 d5 11. Nd4 Ra5 12. e3 e5 13. Nb5 Be6 14. Nc7+ Kd7
15. Nxe6 fxe6 16. a3 h6 17. Bh4 Bd6 18. Bd3 g5 19. Bf2 e4 20. fxe4 Ne5 21. Be2
Nxe4 22. h3 Nc4 23. Bxc4 dxc4 24. Nf3 Rb5 25. O-O Rxb2 26. Rab1 Rxb1 27. Rxb1
Nxc3 28. Rxb6 Kc7 29. Rb2 Ra8 30. Rc2 Rxa3 31. Be1 Bb4 32. Nd4 Ra1 0-1

[Event "FRA T I 120102011"]
[Site "FRA"]
[Date "2010.11.13"]
[Round "2.5"]
[White "Gravez, Bruno"]
[Black "Hisler, Thomas"]
[Result "0-1"]
[WhiteElo "1678"]
[BlackElo "2254"]
[PlyCount "64"]
[EventDate "2010.10.17"]
[EventType "team-match"]
[EventRounds "9"]
[EventCountry "FRA"]
[Source "FFE"]
[SourceDate "2010.10.29"]
[BlackTeamCountry "FRA"]

1. d4 f5 2. c4 e6 3. e3 Nf6 4. Bd3 b6 5. Nc3 Bb7 6. f3 Bb4 7. Nge2 c5 8. Bd2
Nc6 9. a3 Ba5 10. Nb5 Bxd2+ 11. Qxd2 O-O 12. O-O Qb8 13. Nbc3 Kh8 14. dxc5 bxc5
15. Na4 d6 16. Nf4 Qe8 17. b4 e5 18. Nd5 Nxd5 19. b5 Nxe3 20. Qxe3 Nd4 21. Nc3
Rf6 22. Rfe1 Qh5 23. Ra2 Rh6 24. h3 Rg6 25. f4 Nf3+ 26. Kf1 Nxe1 27. Qxe1 exf4
28. Qe2 f3 29. Qe3 Rxg2 30. Rxg2 fxg2+ 31. Kg1 Re8 32. Qg3 f4 0-1

[Event "FRA T I 120102011"]
[Site "FRA"]
[Date "2010.11.14"]
[Round "3.6"]
[White "Marchadour, Emilie"]
[Black "Pile, Richard"]
[Result "0-1"]
[WhiteElo "2055"]
[BlackElo "2340"]
[PlyCount "64"]
[EventDate "2010.10.17"]
[EventType "team-match"]
[EventRounds "9"]
[EventCountry "FRA"]
[Source "FFE"]
[SourceDate "2010.10.29"]
[BlackTeamCountry "FRA"]

1. e4 c5 2. Nf3 Nc6 3. d4 cxd4 4. Nxd4 e6 5. Nb5 d6 6. Bf4 e5 7. Be3 a6 8. N5c3
Nf6 9. Bg5 Be7 10. Bxf6 Bxf6 11. Nd5 Be6 12. Nbc3 Bg5 13. Bd3 O-O 14. O-O Rc8
15. Kh1 Bh6 16. g3 Ne7 17. Qh5 Bd2 18. f4 Bxc3 19. Nxc3 f6 20. f5 Bf7 21. Qh4
d5 22. g4 h6 23. h3 Qb6 24. Rab1 Rfd8 25. g5 hxg5 26. Qg4 dxe4 27. Bxe4 Nd5 28.
h4 Ne3 29. Qg1 Qd4 30. Rf3 Rxc3 31. bxc3 Qxe4 32. Qxe3 Bd5 0-1

[Event "FRA T I 120102011"]
[Site "FRA"]
[Date "2010.11.14"]
[Round "3.3"]
[White "Chernov, Vadim"]
[Black "Bauduin, Etienne"]
[Result "1-0"]
[WhiteElo "2436"]
[BlackElo "2249"]
[PlyCount "61"]
[EventDate "2010.10.17"]
[EventType "team-match"]
[EventRounds "9"]
[EventCountry "FRA"]
[Source "FFE"]
[SourceDate "2010.10.29"]
[BlackTeamCountry "FRA"]

1. e4 e6 2. d4 d5 3. Nd2 c5 4. Ngf3 Nf6 5. e5 Nfd7 6. c3 Nc6 7. Bd3 a6 8. O-O
g5 9. Nb3 h6 10. Nxc5 Nxc5 11. dxc5 Bg7 12. Re1 Qc7 13. Qe2 g4 14. Nd4 Nxe5 15.
Bf4 f6 16. Qxg4 Nxg4 17. Bxc7 Ne5 18. Bc2 Kf7 19. f4 Nc6 20. f5 Nxd4 21. cxd4
exf5 22. Bd6 Bf8 23. Bf4 Bd7 24. Re3 Re8 25. Rxe8 Kxe8 26. Re1+ Kf7 27. Re3 h5
28. Rb3 Bc6 29. Bxf5 Bh6 30. Bxh6 Rxh6 31. Bc8 1-0

[Event "FRA T I 120102011"]
[Site "FRA"]
[Date "2010.11.13"]
[Round "2.7"]
[White "Flament, Frederic"]
[Black "Tissot, Alice"]
[Result "1-0"]
[WhiteElo "2091"]
[BlackElo "1960"]
[PlyCount "61"]
[EventDate "2010.10.17"]
[EventType "team-match"]
[EventRounds "9"]
[EventCountry "FRA"]
[Source "FFE"]
[SourceDate "2010.10.29"]
[BlackTeamCountry "FRA"]

1. d4 Nf6 2. Nf3 g6 3. Bf4 Bg7 4. e3 O-O 5. c4 c5 6. Nc3 cxd4 7. exd4 d5 8. Be2
Be6 9. Ng5 Bf5 10. Qb3 Nc6 11. Rd1 Na5 12. Qb4 dxc4 13. Bxc4 Nxc4 14. Qxc4 h6
15. Nf3 Bg4 16. Rd3 Rc8 17. Qa4 Nd5 18. Nxd5 Qxd5 19. O-O a6 20. Rb3 Bxf3 21.
Rxf3 Rc4 22. Qa3 e6 23. Be3 Bxd4 24. Bxh6 Re8 25. b3 Rc2 26. Qa4 e5 27. Qxe8+
Kh7 28. Be3 Bxe3 29. Qxf7+ Qxf7 30. Rxf7+ Kg8 31. fxe3 1-0

[Event "FRA T I 120102011"]
[Site "FRA"]
[Date "2010.11.14"]
[Round "3.3"]
[White "Karr, Jean Philippe"]
[Black "Soyez, Cyril"]
[Result "1-0"]
[WhiteElo "2389"]
[BlackElo "2255"]
[PlyCount "61"]
[EventDate "2010.10.17"]
[EventType "team-match"]
[EventRounds "9"]
[EventCountry "FRA"]
[Source "FFE"]
[SourceDate "2010.10.29"]
[BlackTeamCountry "FRA"]

1. d4 Nf6 2. c4 c5 3. d5 b5 4. cxb5 a6 5. b6 d6 6. Nc3 Qxb6 7. Nf3 g6 8. Nd2
Bg7 9. e4 O-O 10. Be2 Nbd7 11. Nc4 Qc7 12. Bf4 Nb6 13. Ne3 a5 14. a4 Ba6 15.
O-O Bxe2 16. Qxe2 Nh5 17. Bg5 h6 18. Bh4 Nf4 19. Qd2 Be5 20. g3 Nh3+ 21. Kg2
Qd7 22. f4 Bxc3 23. bxc3 Rab8 24. g4 h5 25. gxh5 Nxa4 26. Ra2 e5 27. dxe6 Nxf4+
28. Rxf4 fxe6 29. Rg4 Qf7 30. Rxg6+ Kh7 31. Nf5 1-0

[Event "FRA T I 120102011"]
[Site "FRA"]
[Date "2010.11.14"]
[Round "3.1"]
[White "Lohou, Stephane"]
[Black "Vallin, Guillaume"]
[Result "0-1"]
[WhiteElo "2165"]
[BlackElo "2418"]
[PlyCount "61"]
[EventDate "2010.10.17"]
[EventType "team-match"]
[EventRounds "9"]
[EventCountry "FRA"]
[Source "FFE"]
[SourceDate "2010.10.29"]
[BlackTeamCountry "FRA"]

1. e4 e6 2. d4 d5 3. Nc3 Nf6 4. Bg5 Bb4 5. e5 h6 6. Bd2 Bxc3 7. bxc3 Ne4 8. Qg4
g6 9. h4 c5 10. Bd3 Nxd2 11. Kxd2 Nc6 12. Rh3 c4 13. Be2 Qc7 14. h5 g5 15. Rf3
Ne7 16. Rf6 Ng8 17. Rf3 Qe7 18. Re3 f5 19. exf6 Nxf6 20. Qg3 Ne4+ 21. Rxe4 dxe4
22. Bxc4 O-O 23. Re1 b5 24. Bxb5 Bb7 25. Bc4 Rad8 26. Nf3 Bd5 27. Ne5 Qf6 28.
Re2 Qf4+ 29. Qxf4 gxf4 30. Re1 Rf5 31. Be2 {suite illisible} 0-1

[Event "FRA T I 120102011"]
[Site "FRA"]
[Date "2010.11.14"]
[Round "3.2"]
[White "Marechal, Andy"]
[Black "Todorov, Todor"]
[Result "0-1"]
[WhiteElo "2295"]
[BlackElo "2490"]
[PlyCount "61"]
[EventDate "2010.10.17"]
[EventType "team-match"]
[EventRounds "9"]
[EventCountry "FRA"]
[Source "FFE"]
[SourceDate "2010.10.29"]
[BlackTeamCountry "FRA"]

1. e4 g6 2. d4 Bg7 3. Nc3 d6 4. Be3 a6 5. Qd2 b5 6. f3 Nd7 7. h4 c5 8. h5 cxd4
9. Bxd4 Bh6 10. Be3 Bxe3 11. Qxe3 Qb6 12. Qd2 gxh5 13. Nd5 Qc6 14. Ne2 Ndf6 15.
Nef4 Be6 16. a4 bxa4 17. Qa5 Bxd5 18. exd5 Qxc2 19. Bxa6 Kf8 20. Qxa4 Qxb2 21.
O-O Rxa6 22. Qxa6 Qd4+ 23. Rf2 Qxf4 24. Ra4 Qf5 25. Rd2 Kg7 26. Qb7 Qg5 27. Rd3
Nh6 28. Qxe7 Qc1+ 29. Kh2 Re8 30. Qxd6 Re1 31. Qg3+ 0-1

[Event "FRA T I 120102011"]
[Site "FRA"]
[Date "2010.11.14"]
[Round "3.4"]
[White "Trannoy, Arthur"]
[Black "Sarakauskas, Gediminas"]
[Result "1-0"]
[WhiteElo "1899"]
[BlackElo "2450"]
[PlyCount "61"]
[EventDate "2010.10.17"]
[EventType "team-match"]
[EventRounds "9"]
[EventCountry "FRA"]
[Source "FFE"]
[SourceDate "2010.10.29"]
[BlackTeamCountry "FRA"]

1. e4 c5 2. Nf3 e6 3. g3 d5 4. exd5 exd5 5. d4 Nc6 6. Bg2 Bg4 7. O-O Nxd4 8.
Qe1+ Be6 9. Nxd4 cxd4 10. Nd2 Be7 11. Nb3 Bf6 12. Qb4 Qb6 13. Qxb6 axb6 14. Rd1
Ra4 15. Bf1 Bd7 16. Bf4 Ne7 17. Bc7 Nc8 18. Re1+ Kf8 19. a3 d3 20. c3 Bb5 21.
Rad1 Re4 22. Bg2 Re7 23. Rxe7 Nxe7 24. Nc1 d4 25. cxd4 Bxd4 26. Nxd3 g6 27. Ne5
Nf5 28. g4 f6 29. Nxg6+ hxg6 30. gxf5 Rh7 31. Bd6+ 1-0

[Event "FRA T I 120102011"]
[Site "FRA"]
[Date "2010.11.14"]
[Round "3.7"]
[White "Vasilescu, Victor"]
[Black "Jeanne, Mickael"]
[Result "1/2-1/2"]
[WhiteElo "2130"]
[BlackElo "2168"]
[PlyCount "62"]
[EventDate "2010.10.17"]
[EventType "team-match"]
[EventRounds "9"]
[EventCountry "FRA"]
[Source "FFE"]
[SourceDate "2010.10.29"]
[BlackTeamCountry "FRA"]

1. e4 e6 2. d4 d5 3. e5 c5 4. c3 Nc6 5. Nf3 Bd7 6. Be2 f6 7. O-O fxe5 8. dxe5
Qc7 9. Re1 Nh6 10. Bd3 O-O-O 11. Qc2 Nf7 12. Bf4 g6 13. h4 Be7 14. g3 Rdg8 15.
b3 Be8 16. Nbd2 g5 17. hxg5 Nxg5 18. Bxg5 Bxg5 19. Nxg5 Rxg5 20. Nf3 Rg7 21.
Qd2 Bh5 22. Nh4 Qe7 23. Ng2 Rf8 24. Be2 Bxe2 25. Qxe2 Rf5 26. Rad1 Nxe5 27. f4
Ng4 28. Qxe6+ Qxe6 29. Rxe6 Kd7 30. Rde1 Rf6 31. Re8 Nh6 1/2-1/2

[Event "FRA T I 120102011"]
[Site "FRA"]
[Date "2010.11.14"]
[Round "3.7"]
[White "Borne, Niels"]
[Black "Kieffer, Christian"]
[Result "1/2-1/2"]
[WhiteElo "2272"]
[BlackElo "2143"]
[PlyCount "60"]
[EventDate "2010.10.17"]
[EventType "team-match"]
[EventRounds "9"]
[EventCountry "FRA"]
[Source "FFE"]
[SourceDate "2010.10.29"]
[BlackTeamCountry "FRA"]

1. d4 g6 2. c4 Bg7 3. Nf3 d6 4. Nc3 Nf6 5. e4 O-O 6. Be2 Nbd7 7. O-O e5 8. Re1
Re8 9. Bf1 a6 10. h3 exd4 11. Nxd4 Nc5 12. Qf3 Nfd7 13. Be3 Ne5 14. Qd1 Nc6 15.
Nxc6 bxc6 16. Bd4 Bxd4 17. Qxd4 Ne6 18. Qd2 c5 19. e5 Nd4 20. exd6 Rxe1 21.
Rxe1 cxd6 22. Ne2 Nxe2+ 23. Bxe2 Be6 24. Bf3 Rb8 25. b3 Qb6 26. Rd1 Rd8 27. Qc3
Rd7 28. Qd2 a5 29. Bd5 Bxd5 30. Qxd5 Kg7 1/2-1/2